000 00408nam a2200181Ia 4500
005 20250603144614.0
008 250603s9999 xx 000 0 und d
020 _a0582656028
050 _aHF 5635 .O48/
100 _aOmuya, J. O.
245 0 _abusiness accounting
260 _aHarlow
260 _bLongman Group UK Limited
260 _c1982
300 _a424 p
650 _aHarlow
942 _cBK
999 _c39415
_d39415